[Event "Sunway Sitges Open 2017"]
[Site "Sitges ESP"]
[Date "2017.12.15"]
[Round "1.1"]
[White "Motylev, Alexander"]
[Black "Cuadras Avellana, Jordi"]
[Result "1-0"]
[WhiteTitle "GM"]
[BlackTitle "FM"]
[WhiteElo "2675"]
[BlackElo "2263"]
[WhiteFideId "4121830"]
[BlackFideId "2200643"]
[EventDate "2017.12.15"]

1. e4 c5 2. Nf3 e6 3. d4 cxd4 4. Nxd4 Nc6 5. Nc3 Qc7 6. Be3 a6 7. a3 Nf6 8. f4
d6 9. Qf3 Bd7 10. O-O-O Rc8 11. g4 Nxd4 12. Rxd4 d5 13. exd5 Nxd5 14. Rxd5 exd5
15. Bd3 Bc5 16. Nxd5 Qd6 17. Rd1 Kf8 18. f5 Bc6 19. Be4 Bxe3+ 20. Nxe3 Bxe4 21.
Qxe4 Qe7 22. Qf4 h5 23. g5 h4 24. Kb1 Re8 25. Nd5 Qe2 26. Qd6+ Kg8 27. Nf4 Qg4
28. Qd7 Rf8 29. Ng6 Kh7 30. Nxh8 Kxh8 31. Qd6 Rg8 32. Qd5 Qxg5 33. Qxf7 Rd8 34.
Re1 Kh7 35. Re6 Qg2 36. Qh5+ Kg8 37. Qxh4 Rd1+ 38. Ka2 Qd5+ 39. c4 Qxf5 40. Re8+
Kf7 41. Re4 Kg8 42. Qe7 Qf7 43. Qc5 Rd7 44. Qc8+ Kh7 45. Rh4+ Kg6 46. Qh8 Kg5
47. Re4 Qf3 48. Re5+ Kf6 49. Qf8+ 1-0

[Event "Sunway Sitges Open 2017"]
[Site "Sitges ESP"]
[Date "2017.12.15"]
[Round "1.2"]
[White "Soham, Das"]
[Black "Shankland, Samuel"]
[Result "0-1"]
[BlackTitle "GM"]
[WhiteElo "2263"]
[BlackElo "2662"]
[WhiteFideId "35026763"]
[BlackFideId "2004887"]
[EventDate "2017.12.15"]

1. e4 e5 2. Nf3 Nc6 3. Bc4 Bc5 4. c3 Nf6 5. d3 O-O 6. O-O d6 7. Bb3 Ne7 8. Re1
Ng6 9. d4 Bb6 10. h3 c6 11. Nbd2 exd4 12. cxd4 d5 13. e5 Nh5 14. Nf1 Nhf4 15.
Bxf4 Nxf4 16. Qd2 Ne6 17. Bc2 f5 18. b4 Bd7 19. Ng3 g6 20. Ne2 g5 21. h4 h6 22.
hxg5 hxg5 23. Ng3 g4 24. Qh6 Qe7 25. Nh4 Nxd4 26. Nh5 g3 27. Qg6+ Kh8 28. Qh6+
Qh7 29. Ng6+ Kg8 30. Qxh7+ Kxh7 31. Nxf8+ Rxf8 32. Nf6+ Rxf6 33. exf6 gxf2+ 34.
Kxf2 Nxc2+ 35. Kf3 Kg6 36. Re7 Kxf6 37. Rxd7 Nxa1 38. a4 Nc2 39. a5 Bg1 40. Rxb7
Ke5 41. Ke2 Na3 42. Kd3 Nb5 43. Re7+ Kd6 44. Rf7 Ke6 45. Rg7 Bd4 46. Rg6+ Bf6
47. Rh6 Nc7 48. Kc2 d4 49. Rh7 Be5 50. Kd3 Kd5 51. Rd7+ Bd6 52. Rf7 Na6 53.
Rxf5+ Be5 54. Rf7 Nxb4+ 55. Kd2 c5 56. g4 c4 57. g5 c3+ 58. Kd1 c2+ 59. Kd2 Bf4+ 0-1

[Event "Sunway Sitges Open 2017"]
[Site "Sitges ESP"]
[Date "2017.12.15"]
[Round "1.3"]
[White "Salem, A.R. Saleh"]
[Black "Rodriguez Alvarez, Vidal"]
[Result "1-0"]
[WhiteTitle "GM"]
[BlackTitle "CM"]
[WhiteElo "2638"]
[BlackElo "2256"]
[WhiteFideId "9301348"]
[BlackFideId "3901343"]
[EventDate "2017.12.15"]

1. d4 Nf6 2. c4 e6 3. Nf3 b6 4. g3 Ba6 5. b3 Bb7 6. Bg2 Bb4+ 7. Bd2 a5 8. O-O
O-O 9. a3 Bxd2 10. Qxd2 d6 11. Nc3 Ne4 12. Nxe4 Bxe4 13. Qf4 f5 14. Ng5 Bxg2 15.
Kxg2 Qf6 16. d5 e5 17. Qh4 h6 18. Ne6 Qxh4 19. gxh4 Rf7 20. f4 e4 21. Kf2 Ra7
22. Rg1 Nd7 23. Rg3 Nf6 24. Rag1 Nh5 25. Rg6 Kh7 26. e3 Ra8 27. Ke2 Re8 28. Kd2
Ree7 29. Nd4 Re8 30. Kc2 Rg8 31. Kb2 Re8 32. h3 Rg8 33. b4 Ra8 34. Kb3 axb4 35.
axb4 Ra1 36. Rxh6+ Kxh6 37. Rxa1 g6 38. Ka4 Nf6 39. Kb5 Kh5 40. Rg1 Kxh4 41.
Rxg6 Kxh3 42. Nxf5 Nxd5 43. cxd5 Rxf5 44. Kc6 Rf7 45. b5 Kh4 46. Re6 Kg4 47.
Rxe4 1-0

[Event "Sunway Sitges Open 2017"]
[Site "Sitges ESP"]
[Date "2017.12.15"]
[Round "1.4"]
[White "Blechzin, Igor"]
[Black "Melkumyan, Hrant"]
[Result "0-1"]
[WhiteTitle "IM"]
[BlackTitle "GM"]
[WhiteElo "2255"]
[BlackElo "2633"]
[WhiteFideId "4116208"]
[BlackFideId "13302485"]
[EventDate "2017.12.15"]

1. Nf3 Nf6 2. c4 g6 3. d4 Bg7 4. g3 b6 5. Nc3 Bb7 6. Bg2 Ne4 7. Qc2 Nxc3 8. bxc3
d6 9. O-O O-O 10. Bg5 Nd7 11. e4 h6 12. Be3 e5 13. Nd2 Qe7 14. Rae1 Rae8 15. f4
Nf6 16. d5 Ng4 17. f5 h5 18. Bh3 Nxe3 19. Rxe3 Bc8 20. Nf3 Bf6 21. Qg2 g5 22. g4
h4 23. Kh1 Kh8 24. Rg1 Rg8 25. Qf2 Rg7 26. Bf1 Rh7 27. Bd3 Kg7 28. Bc2 Bd7 29.
Ree1 Rc8 30. Qd2 Rhh8 31. Rd1 c6 32. Ba4 Rc7 33. Bb3 a5 34. a4 cxd5 35. cxd5 b5
36. Ra1 Rhc8 37. Rgc1 Rc5 38. axb5 Bxb5 39. Ba4 Qd8 40. Bxb5 Rxb5 41. Ra4 Rcb8
42. Ra2 Rb1 43. Rxb1 Rxb1+ 44. Kg2 Qb6 45. Kh3 Qb5 46. Qe2 Qc5 47. c4 Rb3 48.
Kg2 Qb4 49. h3 a4 50. Qd2 Qxc4 51. Nxg5 Rg3+ 52. Kh2 Qf1 0-1

[Event "Sunway Sitges Open 2017"]
[Site "Sitges ESP"]
[Date "2017.12.15"]
[Round "1.5"]
[White "Zubov, Alexander"]
[Black "Dardha, Daniel"]
[Result "1-0"]
[WhiteTitle "GM"]
[BlackTitle "FM"]
[WhiteElo "2626"]
[BlackElo "2255"]
[WhiteFideId "14109409"]
[BlackFideId "240990"]
[EventDate "2017.12.15"]

1. d4 d5 2. c4 e6 3. Nf3 Nf6 4. g3 dxc4 5. Bg2 Nc6 6. Qa4 Bb4+ 7. Bd2 Nd5 8.
Bxb4 Nxb4 9. Nc3 Bd7 10. O-O a5 11. Qd1 Nd5 12. e3 O-O 13. Nd2 Nce7 14. Nxc4
Nxc3 15. bxc3 Bb5 16. Qb3 c6 17. a4 Bxc4 18. Qxc4 Rc8 19. Rfb1 b6 20. Rb3 Nd5
21. Qa6 b5 22. axb5 cxb5 23. Qxb5 Nxc3 24. Qxa5 Ne2+ 25. Kf1 Qxa5 26. Rxa5 Nc1
27. Rb1 Rc3 28. Rc5 Rxc5 29. dxc5 Nd3 30. c6 Nc5 31. c7 Na6 32. Rc1 Rc8 33. Bb7
Rxc7 34. Rd1 1-0

[Event "Sunway Sitges Open 2017"]
[Site "Sitges ESP"]
[Date "2017.12.15"]
[Round "1.6"]
[White "Varriale, Luca"]
[Black "Edouard, Romain"]
[Result "0-1"]
[BlackTitle "GM"]
[WhiteElo "2245"]
[BlackElo "2621"]
[WhiteFideId "882461"]
[BlackFideId "633429"]
[EventDate "2017.12.15"]

1. d4 e6 2. c4 b6 3. a3 Bb7 4. Nc3 f5 5. d5 Nf6 6. g3 e5 7. e4 fxe4 8. Bg5 e3 9.
Bxe3 Bc5 10. Bxc5 bxc5 11. Bd3 O-O 12. Qe2 d6 13. Nf3 h6 14. O-O-O c6 15. Nh4
cxd5 16. cxd5 Bc8 17. f3 Nbd7 18. Ng6 Re8 19. g4 Nf8 20. Nxf8 Rxf8 21. h4 Rb8
22. g5 Nh5 23. gxh6 Nf4 24. Qf2 gxh6 25. Bb1 Kh8 26. Ne4 Ba6 27. Rd2 Rf7 28. Ng5
Rfb7 29. Ne6 Qf6 30. Be4 Rb3 31. Kb1 Nd3 32. Bxd3 Bxd3+ 0-1

[Event "Sunway Sitges Open 2017"]
[Site "Sitges ESP"]
[Date "2017.12.15"]
[Round "1.7"]
[White "Bologan, Victor"]
[Black "Zherebtsova, Alexandra"]
[Result "1-0"]
[WhiteTitle "GM"]
[BlackTitle "WFM"]
[WhiteElo "2607"]
[BlackElo "2243"]
[WhiteFideId "13900048"]
[BlackFideId "24129518"]
[EventDate "2017.12.15"]

1. e4 e5 2. Nf3 Nc6 3. Bc4 Bc5 4. c3 Nf6 5. d3 a6 6. Bb3 d6 7. Nbd2 Ba7 8. Nf1
h6 9. h3 Be6 10. Ng3 d5 11. exd5 Bxd5 12. Bc2 O-O 13. O-O Re8 14. Re1 Qd7 15. b4
Nh7 16. a4 b5 17. Be3 Bxe3 18. fxe3 Rad8 19. e4 Be6 20. Qd2 f6 21. Qe3 Qd6 22.
axb5 axb5 23. Ra6 Bc8 24. Bb3+ Kh8 25. Nh4 Nf8 26. Ngf5 Bxf5 27. Nxf5 Qd7 28.
Qg3 g6 29. Nxh6 Kg7 30. Ng4 Nh7 31. Qh4 1-0

[Event "Sunway Sitges Open 2017"]
[Site "Sitges ESP"]
[Date "2017.12.15"]
[Round "1.8"]
[White "Ashwath, R."]
[Black "Kozul, Zdenko"]
[Result "0-1"]
[BlackTitle "GM"]
[WhiteElo "2239"]
[BlackElo "2607"]
[WhiteFideId "5021049"]
[BlackFideId "14502879"]
[EventDate "2017.12.15"]

1. d4 Nf6 2. c4 g6 3. g3 c6 4. Bg2 d5 5. Nf3 Bg7 6. O-O O-O 7. Qb3 Qb6 8. Nc3
Rd8 9. Bd2 dxc4 10. Qxc4 Be6 11. Qd3 Bg4 12. Na4 Qa6 13. Nc5 Qxd3 14. Nxd3 Bxf3
15. Bxf3 Rxd4 16. Bc3 Rd8 17. Nc5 b6 18. Rfd1 Rc8 19. Nb3 e6 20. Rac1 Na6 21.
Bxf6 Bxf6 22. Rxc6 Rxc6 23. Bxc6 Rb8 24. Rd7 Nb4 25. Be4 a6 26. a3 Nd5 27. Bxd5
exd5 28. Rxd5 Bxb2 29. a4 Kf8 30. Rd7 a5 31. Ra7 Bc3 32. Rc7 Be5 33. Ra7 Rc8 34.
Rb7 Rc6 35. e3 Ke8 36. Kg2 Bc3 37. Nd4 Bxd4 38. exd4 Rd6 39. d5 h5 40. h4 Rxd5
41. Rxb6 Rd4 42. Ra6 Rxa4 43. Ra7 Ra3 44. Kh2 a4 45. Kg2 Ra2 46. Kf3 a3 47. Kg2
Kd8 48. Rxf7 Rc2 49. Ra7 a2 50. Kf3 Kc8 51. Kf4 Kb8 52. Ra3 Rxf2+ 53. Kg5 Rg2
54. Kxg6 Rxg3+ 55. Rxg3 a1=Q 56. Kxh5 Kc7 57. Rg5 Kd6 58. Kg4 Ke6 59. Kf4 Qe1
60. Kg4 Qe3 61. Rg6+ Ke5 62. Rg5+ Ke4 63. Kh5 Qh3 64. Rg4+ Kf5 65. Rg5+ Kf6 66.
Rg6+ Kf7 67. Rg5 Qf3+ 68. Kh6 Qe4 69. Rg7+ Kf6 70. h5 Qe5 71. Rg8 Kf7 72. Rg6
Qf4+ 73. Kh7 Qf5 74. Kh6 Qe5 75. Ra6 Qg7# 0-1

[Event "Sunway Sitges Open 2017"]
[Site "Sitges ESP"]
[Date "2017.12.15"]
[Round "1.9"]
[White "Can, Emre"]
[Black "Schwartz, Ylon"]
[Result "1-0"]
[WhiteTitle "GM"]
[BlackTitle "FM"]
[WhiteElo "2605"]
[BlackElo "2238"]
[WhiteFideId "6302181"]
[BlackFideId "2009323"]
[EventDate "2017.12.15"]

1. d4 b6 2. c4 Bb7 3. Nc3 e6 4. e4 Bb4 5. Qc2 Qh4 6. d5 Bxc3+ 7. bxc3 Nf6 8. Bd3
Na6 9. Nf3 Qh5 10. Ba3 d6 11. Qa4+ Nd7 12. Nd4 Ke7 13. Be2 Qe5 14. O-O Nac5 15.
Qd1 Nxe4 16. f4 Qf6 17. Bf3 Ndc5 18. Qc2 Qg6 19. Rae1 exd5 1-0

[Event "Sunway Sitges Open 2017"]
[Site "Sitges ESP"]
[Date "2017.12.15"]
[Round "1.10"]
[White "Blasco Coll, Andreu"]
[Black "Agrest, Evgenij"]
[Result "1/2-1/2"]
[BlackTitle "GM"]
[WhiteElo "2236"]
[BlackElo "2600"]
[WhiteFideId "22272836"]
[BlackFideId "1705024"]
[EventDate "2017.12.15"]

1. d4 d5 2. c4 c6 3. Nf3 Nf6 4. Nc3 e6 5. Bg5 Nbd7 6. e3 h6 7. Bh4 g5 8. Bg3 Nh5
9. Be5 Nxe5 10. Nxe5 Nf6 11. h4 Nd7 12. hxg5 Nxe5 13. dxe5 Qxg5 14. cxd5 exd5
15. Nxd5 Qxe5 16. Rh5 f5 17. Nc3 Be6 18. Qa4 O-O-O 19. Qxa7 Bb4 20. Rc1 Qd6 21.
Qd4 Qxd4 22. exd4 Rxd4 23. Be2 Kb8 24. a3 Be7 25. g3 Re8 26. Rd1 Rxd1+ 27. Nxd1
Bg5 28. f4 Bc4 29. Rh2 Bf6 30. Kf1 Bd5 31. Rxh6 Bd4 32. Nc3 Bxc3 33. bxc3 Re3
34. c4 Be4 35. Kf2 Rxa3 36. Re6 Bc2 37. g4 fxg4 38. Bxg4 Ra4 39. Be2 Kc7 40. Re5
b6 41. Ke3 Kd6 42. Re8 Bf5 43. Re5 Be6 44. Re4 c5 45. Bd3 Ra3 46. Kd2 Ra2+ 47.
Ke3 Ra4 48. Be2 Ra3+ 49. Kd2 Ra4 50. Ke3 Ra7 51. Bd3 Ra1 52. Be2 Rh1 53. Re5
Rh3+ 54. Kd2 Ra3 55. Re4 Rb3 56. Bd3 Rb2+ 57. Ke3 Rb4 58. Be2 Rb3+ 59. Kd2 Ra3
60. Bd3 Bf5 61. Re3 Ra2+ 62. Kc3 Bd7 63. Rg3 Rf2 64. Rg6+ Ke7 65. Rxb6 Rxf4 66.
Rh6 Be6 67. Rh5 Kd6 68. Rh6 Rf3 69. Rh5 Rg3 70. Kc2 Bf7 71. Rf5 Be6 72. Rh5 Rg1
73. Kd2 Rg4 74. Kc3 Rg2 75. Rh6 Rg3 76. Rh5 Rf3 77. Rh6 Ke5 78. Rh5+ Bf5 79.
Rxf5+ Rxf5 80. Bxf5 Kxf5 81. Kd3 Kf4 82. Kd2 Ke4 83. Kc2 Kd4 84. Kb2 Kxc4 85.
Kc2 Kd4 86. Kd2 c4 87. Kc2 c3 88. Kc1 Kc4 89. Kc2 Kb4 90. Kc1 Kb3 91. Kb1 c2+
92. Kc1 Kc3 1/2-1/2

[Event "Sunway Sitges Open 2017"]
[Site "Sitges ESP"]
[Date "2017.12.15"]
[Round "1.11"]
[White "Predke, Alexandr"]
[Black "Anand, Nadar"]
[Result "1-0"]
[WhiteTitle "GM"]
[BlackTitle "FM"]
[WhiteElo "2599"]
[BlackElo "2229"]
[WhiteFideId "24107581"]
[BlackFideId "25009141"]
[EventDate "2017.12.15"]

1. d4 Nf6 2. Nf3 g6 3. g3 Bg7 4. Bg2 O-O 5. O-O d5 6. c3 c6 7. Bf4 Qb6 8. Qc1
Bg4 9. Nbd2 c5 10. dxc5 Qxc5 11. Ne5 Bxe2 12. Re1 Ba6 13. b4 Qc8 14. c4 Bxc4 15.
Ndxc4 dxc4 16. Qxc4 Qxc4 17. Nxc4 Nc6 18. b5 Nd4 19. Bxb7 Nc2 20. Bxa8 Rxa8 21.
a4 Nd5 22. Rad1 Nxf4 23. Rxe7 Bf6 24. Rb7 Ne2+ 25. Kf1 Ncd4 26. Rd3 Rc8 27. Ne3
Nc1 28. Rd1 Ndb3 29. Nd5 Kg7 30. Nxf6 Kxf6 31. Rxa7 1-0

[Event "Sunway Sitges Open 2017"]
[Site "Sitges ESP"]
[Date "2017.12.15"]
[Round "1.12"]
[White "Chan, Kim Yew"]
[Black "Lopez Martinez, Josep Manuel"]
[Result "1/2-1/2"]
[BlackTitle "GM"]
[WhiteElo "2229"]
[BlackElo "2598"]
[WhiteFideId "5717981"]
[BlackFideId "2212943"]
[EventDate "2017.12.15"]

1. Nf3 e6 2. c4 b6 3. g3 Bb7 4. Bg2 Nf6 5. O-O d5 6. b3 Be7 7. Bb2 O-O 8. Nc3 d4
9. Na4 c5 10. e3 dxe3 11. dxe3 Qc8 12. Qe2 Rd8 13. Rfd1 Rxd1+ 14. Rxd1 Nc6 15.
Ne5 h6 16. f4 Nxe5 17. Bxe5 Bxg2 18. Kxg2 Qe8 19. Qf3 Rd8 20. Nc3 Rxd1 21. Qxd1
Nd7 22. Bd6 Qa8+ 23. Kf2 Bxd6 24. Qxd6 Nf6 25. Qd1 Ne4+ 26. Nxe4 Qxe4 27. Qf3
Qc2+ 28. Qe2 Qb1 29. Kg2 h5 30. h4 Qe4+ 31. Kf2 g6 32. Qf3 Qb1 33. Qa8+ Kg7 34.
Qxa7 Qc2+ 35. Kf3 Qd1+ 36. Kf2 Qd2+ 37. Kf3 Qd3 38. Kf2 e5 39. fxe5 Qf5+ 40. Kg2
Qxe5 41. Qxb6 Qxe3 42. a4 Qe2+ 43. Kg1 Qf3 44. Kh2 Qf2+ 45. Kh3 Qf1+ 46. Kh2
Qf2+ 1/2-1/2

[Event "Sunway Sitges Open 2017"]
[Site "Sitges ESP"]
[Date "2017.12.15"]
[Round "1.13"]
[White "Sokolov, Ivan"]
[Black "Pajeken, Jakob Leon"]
[Result "1-0"]
[WhiteTitle "GM"]
[WhiteElo "2589"]
[BlackElo "2227"]
[WhiteFideId "14400030"]
[BlackFideId "12942839"]
[EventDate "2017.12.15"]

1. d4 d5 2. Nf3 Nf6 3. c4 dxc4 4. e3 e6 5. Bxc4 c5 6. O-O a6 7. a4 Nc6 8. Qe2
Qc7 9. b3 b6 10. Bb2 Bb7 11. Nc3 Be7 12. d5 exd5 13. Nxd5 Nxd5 14. Bxd5 O-O 15.
Qc4 Kh8 16. Qg4 f6 17. Nh4 g6 18. Nxg6+ hxg6 19. Qxg6 Bd6 20. Qh6+ Qh7 21. Bxf6+
Rxf6 22. Qxf6+ 1-0

[Event "Sunway Sitges Open 2017"]
[Site "Sitges ESP"]
[Date "2017.12.15"]
[Round "1.14"]
[White "Larsen, Karsten"]
[Black "Aravindh, Chithambaram VR."]
[Result "0-1"]
[WhiteTitle "FM"]
[BlackTitle "GM"]
[WhiteElo "2224"]
[BlackElo "2586"]
[WhiteFideId "1404288"]
[BlackFideId "5072786"]
[EventDate "2017.12.15"]

1. e4 c5 2. Nf3 d6 3. Bb5+ Bd7 4. Bxd7+ Qxd7 5. O-O Nf6 6. Re1 Nc6 7. c3 e6 8.
d3 Be7 9. Nbd2 O-O 10. Nf1 Rfc8 11. Ng3 Qd8 12. Bg5 h6 13. Bf4 Bf8 14. Qe2 b5
15. Rad1 Qa5 16. a3 Qb6 17. h3 a5 18. Be3 Qb7 19. Nh2 b4 20. axb4 cxb4 21. Nh5
Nxh5 22. Qxh5 bxc3 23. bxc3 a4 24. c4 a3 25. Ng4 Ra5 26. c5 a2 27. Bxh6 Rxc5 28.
Qh4 gxh6 29. Nxh6+ Bxh6 30. Qxh6 Qb2 31. d4 Nxd4 32. Rd3 Ne2+ 0-1

[Event "Sunway Sitges Open 2017"]
[Site "Sitges ESP"]
[Date "2017.12.15"]
[Round "1.15"]
[White "Petrov, Nikita"]
[Black "Favaloro, Andrea"]
[Result "1-0"]
[WhiteTitle "IM"]
[WhiteElo "2574"]
[BlackElo "2217"]
[WhiteFideId "4101286"]
[BlackFideId "885940"]
[EventDate "2017.12.15"]

1. Nf3 d5 2. g3 c6 3. Bg2 Bg4 4. c4 e6 5. O-O Nf6 6. cxd5 Bxf3 7. Bxf3 cxd5 8.
Nc3 Nc6 9. d3 Be7 10. Bf4 O-O 11. Qa4 a6 12. Rfc1 b5 13. Qd1 Rc8 14. a3 h6 15.
b4 Qb6 16. Rab1 Rfd8 17. Bd2 Qb7 18. Bg2 Qd7 19. Rc2 Rb8 20. Na2 Rdc8 21. Nc1
Nd4 22. Ra2 Bd8 23. e3 Nc6 24. Nb3 Be7 25. Rc1 Na7 26. Bc3 Nc6 27. Rac2 Qd8 1-0

[Event "Sunway Sitges Open 2017"]
[Site "Sitges ESP"]
[Date "2017.12.15"]
[Round "1.16"]
[White "Onyekwere, Chikwere"]
[Black "Liang, Awonder"]
[Result "0-1"]
[WhiteTitle "CM"]
[BlackTitle "GM"]
[WhiteElo "2215"]
[BlackElo "2573"]
[WhiteFideId "8500428"]
[BlackFideId "2056437"]
[EventDate "2017.12.15"]

1. e4 e5 2. Nf3 Nc6 3. d4 exd4 4. Bc4 Bc5 5. c3 Nf6 6. e5 d5 7. Bb5 Ne4 8. cxd4
Bb6 9. h3 O-O 10. O-O f6 11. Be3 fxe5 12. Bxc6 bxc6 13. Nxe5 Bb7 14. Nd2 Nd6 15.
Qc1 Nf5 16. Ndf3 Qd6 17. a4 a5 18. Rd1 Nxe3 19. Qxe3 c5 20. dxc5 Bxc5 21. Qb3
Rab8 22. Qc2 Rbe8 23. Rac1 Bxf2+ 24. Kxf2 Qxe5 25. Qxc7 Qe3+ 26. Kg3 Re7 27. Qd6
Re6 0-1

[Event "Sunway Sitges Open 2017"]
[Site "Sitges ESP"]
[Date "2017.12.15"]
[Round "1.17"]
[White "Peralta, Fernando"]
[Black "Betaneli, Alexander"]
[Result "1-0"]
[WhiteTitle "GM"]
[BlackTitle "FM"]
[WhiteElo "2556"]
[BlackElo "2207"]
[WhiteFideId "105309"]
[BlackFideId "2012359"]
[EventDate "2017.12.15"]

1. d4 d5 2. c4 e6 3. Nc3 Be7 4. cxd5 exd5 5. Bf4 c6 6. Qc2 Bd6 7. Bxd6 Qxd6 8.
e3 Qg6 9. Qd2 Nd7 10. f3 Nb6 11. Bd3 Qh6 12. Nge2 Ne7 13. Ng3 O-O 14. O-O Nc4
15. Bxc4 dxc4 16. a4 Be6 17. Qf2 Nd5 18. Nxd5 cxd5 19. Ne2 Bf5 20. Nf4 Rad8 21.
Rfe1 Rfe8 22. Qd2 g5 23. Nxd5 Rxd5 24. e4 Bxe4 25. fxe4 Rd6 26. Rad1 Qh4 27. Qe2
Rde6 28. e5 Kg7 29. g3 Qh3 30. Qxc4 Rc6 31. Qd3 Rec8 32. d5 Rc2 33. Re2 Rxe2 34.
Qxe2 Qf5 35. d6 Rc2 36. g4 Qc8 37. Qe4 Rc4 38. Qd3 Rxg4+ 39. Kh1 Qc6+ 40. Qd5
Qd7 41. Rd4 Rxd4 42. Qxd4 Kg8 43. Kg2 h5 44. h3 Qc6+ 45. Kg3 Qd7 46. Qxa7 h4+
47. Kh2 Qf5 48. Qe3 Qb1 49. Qxg5+ Kf8 50. Qd8+ Kg7 51. Qf6+ Kg8 52. Qf2 Qd3 53.
a5 Kf8 54. Qxh4 Qe2+ 55. Kg1 Qxe5 56. Qe7+ 1-0

[Event "Sunway Sitges Open 2017"]
[Site "Sitges ESP"]
[Date "2017.12.15"]
[Round "1.18"]
[White "Pajeken, Wolfgang"]
[Black "Vasquez Schroeder, Rodrigo"]
[Result "0-1"]
[WhiteTitle "FM"]
[BlackTitle "GM"]
[WhiteElo "2204"]
[BlackElo "2547"]
[WhiteFideId "4622170"]
[BlackFideId "3400042"]
[EventDate "2017.12.15"]

1. c4 Nf6 2. Nc3 c5 3. g3 e6 4. Nf3 b6 5. Bg2 Bb7 6. O-O a6 7. b3 Be7 8. Bb2 d6
9. d4 cxd4 10. Qxd4 Nbd7 11. Rfd1 O-O 12. Ng5 Bxg2 13. Kxg2 Qc7 14. Nce4 Qc6 15.
f3 h6 16. Nh3 Rfd8 17. Nhf2 Ne8 18. Rac1 Rac8 19. Ng4 e5 20. Qe3 f5 21. Nxh6+
gxh6 22. Qxh6 fxe4 23. Qe6+ Kf8 24. Rf1 Ndf6 25. fxe4 Qxe4+ 26. Rf3 Ng7 27. Qh3
Kf7 28. Rf1 Kg6 29. g4 Ne6 30. Kg1 Nf4 31. Rxf4 exf4 32. g5 Rh8 33. Qc3 Rxh2 34.
Kxh2 Rh8+ 35. Kg1 Rh1+ 36. Kf2 Rh2+ 37. Kg1 Qg2# 0-1

[Event "Sunway Sitges Open 2017"]
[Site "Sitges ESP"]
[Date "2017.12.15"]
[Round "1.19"]
[White "Santos Latasa, Jaime"]
[Black "Martinez Lopez, Ivan"]
[Result "1-0"]
[WhiteTitle "IM"]
[BlackTitle "FM"]
[WhiteElo "2536"]
[BlackElo "2199"]
[WhiteFideId "2293307"]
[BlackFideId "2219409"]
[EventDate "2017.12.15"]

1. c4 Nf6 2. Nf3 e6 3. g3 d5 4. Bg2 dxc4 5. Qa4+ Nbd7 6. Qxc4 c5 7. O-O a6 8.
Qc2 Be7 9. a4 O-O 10. d3 Ra7 11. a5 b5 12. axb6 Qxb6 13. Nbd2 Bb7 14. Nc4 Qd8
15. e4 Nb8 16. Na5 Ba8 17. Be3 Rc7 18. Rfc1 Rc8 19. Ne5 Nfd7 20. Nec4 Bg5 21. f4
Be7 22. Ra3 Nf6 23. h3 Nc6 24. Nxc6 Rxc6 25. Ne5 Rb6 26. Bxc5 Bxc5+ 27. Qxc5
Rxb2 28. Rxa6 Nd7 29. Nxd7 Qxd7 30. Qd6 Qb7 31. Rac6 Qa7+ 32. R6c5 Qa2 33. Bf1
Rh2 34. Qd4 Rb2 35. Rc8 Rb8 36. Rxb8 Rxb8 37. Qd7 Qa3 38. Rc8+ Rxc8 39. Qxc8+
Qf8 40. Qc7 g6 41. Kf2 Qa3 42. Be2 h5 43. Ke3 Qa4 44. Qd8+ Kh7 45. Qe7 Kg8 46.
f5 exf5 47. exf5 Qc6 48. f6 Qe6+ 49. Qxe6 fxe6 50. Kf4 Kf7 51. Ke5 Bg2 52. h4
Bd5 53. Bd1 Ba2 54. Ba4 Bd5 55. Bd7 Bb3 56. Bb5 Bd1 57. Bc4 Bg4 58. d4 Bf5 59.
d5 exd5 60. Bxd5+ Kf8 61. Be4 Bxe4 62. Kxe4 Kg8 63. Kd5 Kf7 64. Ke4 1-0

[Event "Sunway Sitges Open 2017"]
[Site "Sitges ESP"]
[Date "2017.12.15"]
[Round "1.20"]
[White "Llaneza Vega, Patricia"]
[Black "Asis Gargatagli, Hipolito"]
[Result "0-1"]
[WhiteTitle "WIM"]
[BlackTitle "IM"]
[WhiteElo "2197"]
[BlackElo "2531"]
[WhiteFideId "2212676"]
[BlackFideId "2260735"]
[EventDate "2017.12.15"]

1. e4 c5 2. Nc3 d6 3. f4 g6 4. Nf3 Bg7 5. Bb5+ Bd7 6. Bc4 Nc6 7. O-O Na5 8. Be2
Nf6 9. d3 Nc6 10. Qe1 Nd4 11. Bd1 O-O 12. Qh4 e6 13. f5 exf5 14. Bg5 Ne6 15.
exf5 Nxg5 16. Nxg5 h6 17. Nge4 Nxe4 18. Qxe4 Bxf5 19. Qxb7 Rb8 20. Qxa7 Qh4 21.
Qa4 Rb4 22. Qc6 Rxb2 23. Ne4 Bd4+ 24. Nf2 Bxd3 25. g3 Qf6 0-1

[Event "Sunway Sitges Open 2017"]
[Site "Sitges ESP"]
[Date "2017.12.15"]
[Round "1.21"]
[White "Dann, Matthias"]
[Black "Nandhidhaa, PV"]
[Result "1-0"]
[WhiteTitle "IM"]
[BlackTitle "WIM"]
[WhiteElo "2517"]
[BlackElo "2196"]
[WhiteFideId "24638056"]
[BlackFideId "5050847"]
[EventDate "2017.12.15"]

1. Nf3 d5 2. b3 Nf6 3. Bb2 g6 4. c4 c6 5. e3 Bg7 6. Be2 O-O 7. O-O Nbd7 8. Qc2
Re8 9. d4 Ne4 10. Nc3 Nxc3 11. Bxc3 Nf6 12. Bd3 Be6 13. Ng5 Bg4 14. h3 Bd7 15.
Rfe1 Qc8 16. e4 h6 17. Nf3 Bxh3 18. e5 Bxg2 19. Nh2 Bh3 20. exf6 exf6 21. Rxe8+
Qxe8 22. Re1 Qd7 23. Qe2 dxc4 24. bxc4 Rd8 25. Qe3 Bf5 26. Bxf5 Qxf5 27. Qe7 Rd7
28. Qe8+ Kh7 29. Re3 b5 30. Rf3 Qe6 31. Qxe6 fxe6 32. Re3 b4 33. Bxb4 Rxd4 34.
Rxe6 Rxc4 35. a3 g5 36. Re7 f5 37. Rxa7 Kg6 38. Ra5 Re4 39. Rc5 Re6 40. Nf3 Bf6
41. Bc3 Be7 42. Re5 Kf6 43. a4 f4 44. Rxg5+ Kf7 45. Rf5+ Ke8 46. Rxf4 c5 47. a5
Ra6 48. Ne5 Bf6 49. Rf5 c4 50. Kf1 1-0

[Event "Sunway Sitges Open 2017"]
[Site "Sitges ESP"]
[Date "2017.12.15"]
[Round "1.22"]
[White "Harshini, A"]
[Black "Alonso Rosell, Alvar"]
[Result "0-1"]
[WhiteTitle "WFM"]
[BlackTitle "GM"]
[WhiteElo "2189"]
[BlackElo "2509"]
[WhiteFideId "25008986"]
[BlackFideId "2270544"]
[EventDate "2017.12.15"]

1. e4 c6 2. d4 d5 3. Nc3 dxe4 4. Nxe4 Nf6 5. Nxf6+ exf6 6. Nf3 Bd6 7. Be2 O-O 8.
O-O Re8 9. Re1 Bg4 10. c4 Na6 11. Bd2 Qd7 12. Qb3 Nc7 13. Rad1 Ne6 14. Qc3 Bxf3
15. Bxf3 Nxd4 16. Rxe8+ Rxe8 17. Bc1 Qe6 18. Qe3 Nxf3+ 19. gxf3 Be5 20. Kg2 Qxc4
21. f4 g5 22. b3 Qe6 23. Qg3 Bc7 24. h4 g4 25. Be3 h5 26. Re1 Qe4+ 27. f3 Qd5
28. Kf2 f5 29. Re2 Rxe3 30. Rxe3 Bb6 31. Ke2 Bxe3 32. Kxe3 Qc5+ 33. Kd3 Qb5+ 34.
Ke3 Qb6+ 35. Kd3 Qa6+ 36. Kc3 Qa5+ 37. Kb2 Qd2+ 38. Ka3 Qc1+ 39. Ka4 Qc5 0-1